|
|
|
|
| LEADER |
00000nab a2200000 a 4500 |
| 001 |
vtls000075303 |
| 005 |
20260512131258.0 |
| 008 |
140522c1980 xo 0 slo |
| 015 |
|
|
|a SNBRB19rr/mm-uuuuu
|
| 035 |
|
|
|a CL0085404
|
| 040 |
|
|
|a SNKBUCL
|b slo
|c SNKBUCL
|e AACR2
|
| 041 |
0 |
|
|a slo
|
| 044 |
|
|
|a xo
|c SK
|
| 080 |
|
|
|a 631.8
|2 1981
|
| 080 |
|
|
|a 633.1
|2 1981
|
| 100 |
1 |
|
|a Ivanič, Jozef,
|d 1929-
|4 aut
|9 260505
|
| 245 |
1 |
0 |
|a Účinnosť niektorých hnojív pri hnojení jarného jačmeňa
|c Jozef Ivanič, Milan Sýkora
|
| 300 |
|
|
|b Obr. 1. Tb. 2.
|
| 650 |
0 |
7 |
|a jarný jačmeň
|2 snkbucl
|9 71520
|
| 650 |
0 |
7 |
|a dusíkaté hnojivá
|2 snkbucl
|9 17141
|
| 655 |
|
7 |
|a články z novín a časopisov
|2 snkbucl
|9 267496
|
| 700 |
1 |
|
|a Sýkora, Milan
|4 aut
|9 1638594
|
| 773 |
0 |
|
|t Agrochémia
|g Roč. 20, č. 12 (1980), s. 343-345
|
| 852 |
|
|
|a SNK
|
| 958 |
|
|
|a RK
|
| 999 |
|
|
|c 3221270
|d 3223200
|